[Event "Dundee & Angus Open"]
[Site "?"]
[Date "2015.10.09"]
[Round "1"]
[White "Doyle, Jim"]
[Black "Shafi, Declan"]
[Result "0-1"]
[WhiteElo "1881"]
[BlackElo "1763"]
[PlyCount "81"]

1. d4 Nf6 2. c4 g6 3. Nc3 d5 4. Bg5 Ne4 5. h4 Nxc3 6. bxc3 Bg7 7. e3 c5 8. Qb3
dxc4 9. Bxc4 O-O 10. Ne2 Nc6 11. Qc2 cxd4 12. exd4 Bf5 13. Qd2 Na5 14. Bd3 Bxd3
15. Qxd3 Qc7 16. O-O Rfe8 17. Ng3 Rac8 18. Rac1 Nc4 19. h5 Qa5 20. Ne4 Qf5 21.
hxg6 hxg6 22. Be3 Qd5 23. a4 e5 24. Bg5 Rc6 25. Qf3 Kf8 26. Nf6 Qxf3 27. Nd7+
Kg8 28. gxf3 f6 29. Be3 exd4 30. cxd4 Nxe3 31. fxe3 Rxe3 32. Rxc6 bxc6 33. Rc1
Re6 34. Nb8 f5 35. Nxc6 Rd6 36. d5 Bh6 37. Rd1 Be3+ 38. Kf1 Kf8 39. Ke2 Bc5 40.
Ne5 Ke8 41. Rd3 0-1

[Event "Dundee & Angus Open"]
[Site "?"]
[Date "2015.10.09"]
[Round "1"]
[White "Campbell, Duncan"]
[Black "Gray, Euan"]
[Result "1-0"]
[WhiteElo "1847"]
[BlackElo "1656"]
[PlyCount "81"]

1. e4 e5 2. f4 d5 3. exd5 exf4 4. Nf3 Nf6 5. Bb5+ Bd7 6. Bc4 Bd6 7. Nc3 O-O 8.
O-O Bg4 9. d4 Nbd7 10. Qd3 Nb6 11. Bb3 Re8 12. Bd2 Qd7 13. Rae1 Bf5 14. Qb5
Qxb5 15. Nxb5 Nfxd5 16. Ne5 Bxe5 17. dxe5 Bd7 18. c4 Bxb5 19. cxb5 g5 20. h4 h6
21. hxg5 hxg5 22. g3 Re7 23. a4 c6 24. gxf4 Rae8 25. bxc6 bxc6 26. Rc1 Re6 27.
Rf3 gxf4 28. Bxf4 Nxf4 29. Rxf4 Nd5 30. Rg4+ Kf8 31. Re4 Rg6+ 32. Kf2 Nf6 33.
Re2 Rxe5 34. Rxe5 Ng4+ 35. Kf1 Nxe5 36. Rc5 Rf6+ 37. Ke2 Nd7 38. Ra5 Rf4 39.
Rxa7 Nc5 40. Bc2 Rb4 41. Kd2 1-0

[Event "Dundee & Angus Open"]
[Site "?"]
[Date "2015.10.11"]
[Round "1"]
[White "Milton, Carl"]
[Black "Dwson, Alastair"]
[Result "1-0"]
[WhiteElo "1675"]
[BlackElo "1861"]
[PlyCount "89"]

1. d4 d6 2. Nf3 Nf6 3. c4 g6 4. Nc3 Bg7 5. e4 O-O 6. Be2 e5 7. O-O Nc6 8. d5
Ne7 9. b4 a5 10. bxa5 Rxa5 11. Nd2 Ra8 12. Nb3 b6 13. a4 Nd7 14. a5 f5 15. axb6
Rxa1 16. bxc7 Qxc7 17. Nxa1 Nc5 18. f3 Bd7 19. Nb3 Rb8 20. Nxc5 Qxc5+ 21. Kh1
Nc8 22. Qd3 f4 23. Nb5 Bf8 24. Ba3 Qb6 25. Rb1 Na7 26. Rb2 Nxb5 27. cxb5 Rc8
28. Rb1 Be7 29. Bc1 Bh4 30. Bd2 Bf2 31. Rc1 Bc5 32. h3 Rb8 33. Rb1 g5 34. Qb3
Ra8 35. Bb4 Bd4 36. Bc3 Bc5 37. Ra1 Rxa1+ 38. Bxa1 Kf7 39. Qa4 h5 40. Qa6 g4
41. Qxb6 Bxb6 42. hxg4 hxg4 43. fxg4 Kg6 44. Kh2 Kg5 45. Kh3 1-0

[Event "Dundee & Angus Open"]
[Site "?"]
[Date "2015.10.09"]
[Round "1"]
[White "Newton, Andrew"]
[Black "Kosznik, Dariusz"]
[Result "1-0"]
[WhiteElo "1862"]
[BlackElo "1690"]
[PlyCount "94"]

1. e4 c5 2. Nf3 Nc6 3. d4 cxd4 4. Nxd4 Nf6 5. Nc3 a6 6. Nxc6 bxc6 7. e5 Ng8 8.
Bc4 a5 9. Qe2 Qb6 10. O-O Ba6 11. Na4 Bxc4 12. Nxb6 Bxe2 13. Nxa8 Bxf1 14. Kxf1
e6 15. Nb6 Bc5 16. Na4 Bd4 17. f4 f6 18. exf6 Nxf6 19. c3 Ba7 20. c4 Rf8 21.
Ke2 Nh5 22. g3 g5 23. fxg5 Rf2+ 24. Kd3 Rxh2 25. Bd2 Nxg3 26. Bxa5 Nf5 27. c5
Bb8 28. Rg1 Rh3+ 29. Ke2 Bh2 30. Rd1 Bf4 31. Rg1 Nd4+ 32. Kf1 Rf3+ 33. Ke1 Rh3
34. Kf1 Nf3 35. Rg2 Nxg5 36. Rg4 e5 37. Bc7 h5 38. Rg2 Rg3 39. Re2 Nf3 40. Kf2
h4 41. Nc3 h3 42. Ne4 Rg6 43. Kxf3 h2 44. Nf2 Rg3+ 45. Ke4 Rg1 46. Bxe5 Bxe5
47. Kxe5 Ke7 1-0

[Event "Dundee & Angus Open"]
[Site "?"]
[Date "2015.10.09"]
[Round "1"]
[White "Birkett, Richard"]
[Black "Marks, Ian"]
[Result "1-0"]
[WhiteElo "2061"]
[BlackElo "1802"]
[PlyCount "80"]

1. e4 d6 2. d4 Nf6 3. Nc3 g6 4. Be2 Bg7 5. h4 c5 6. dxc5 Qa5 7. Qd3 Qxc5 8. Be3
Qa5 9. O-O-O Nc6 10. h5 gxh5 11. f3 Bd7 12. Qb5 Qc7 13. Qb3 Rc8 14. Nh3 Na5 15.
Qb4 Nc6 16. Qa3 Na5 17. Nf4 a6 18. Qb4 b5 19. Rd2 Nc4 20. Bxc4 Qxc4 21. Qxc4
Rxc4 22. Ncd5 Nxd5 23. Nxd5 Rc6 24. Rxh5 e6 25. Nb4 Rc4 26. Nxa6 Ra4 27. Rxd6
Rxa2 28. c3 Ke7 29. Bc5 Rc8 30. Rc6+ Kd8 31. Rxc8+ Bxc8 32. Nb4 Ra1+ 33. Kd2 h6
34. Rh3 Ke8 35. Rg3 Be5 36. Rg8+ Kd7 37. Nd3 Bf6 38. Rf8 Bh4 39. Rxf7+ Ke8 40.
Rg7 Ba6 1-0

[Event "Dundee & Angus Open"]
[Site "?"]
[Date "2015.10.09"]
[Round "1"]
[White "Robinson, Stephen"]
[Black "Jennings, Richard"]
[Result "1/2-1/2"]
[WhiteElo "1753"]
[BlackElo "1878"]
[PlyCount "98"]

1. f4 d5 2. Nf3 Nf6 3. g3 Bg4 4. Bg2 e6 5. c3 Nbd7 6. O-O Bd6 7. d4 Bxf3 8.
Bxf3 c6 9. Nd2 h6 10. e4 dxe4 11. Nxe4 Nxe4 12. Bxe4 Nf6 13. Bg2 Qc7 14. Qe2
O-O-O 15. b4 Nd5 16. Bd2 Be7 17. a3 Bf6 18. Rac1 Qb6 19. Kh1 Nc7 20. Be3 Qb5
21. Qc2 Qc4 22. Be4 g6 23. Kg1 Kb8 24. a4 Rc8 25. Rb1 Rhd8 26. b5 cxb5 27. Rb4
Qxb4 28. cxb4 Nd5 29. Qxc8+ Rxc8 30. Bxd5 exd5 31. axb5 Rc4 32. b6 Rxb4 33.
bxa7+ Kxa7 34. Rd1 Kb6 35. h4 h5 36. Kf2 Kc6 37. Kf3 b5 38. f5 Rb3 39. Rc1+ Kd6
40. Kf2 gxf5 41. Rc5 b4 42. Bf4+ Ke6 43. Rc6+ Ke7 44. Rc7+ Kf8 45. Bd6+ Kg7 46.
Be5 Bxe5 47. dxe5 Kf8 48. Rd7 Rb2+ 49. Ke3 b3 1/2-1/2

[Event "Dundee & Angus Open"]
[Site "?"]
[Date "2015.10.09"]
[Round "1"]
[White "Mitchell, Jeremy"]
[Black "Romilly, Peter"]
[Result "0-1"]
[WhiteElo "1794"]
[BlackElo "2057"]
[PlyCount "100"]

1. e4 c5 2. c3 Nf6 3. e5 Nd5 4. d4 cxd4 5. cxd4 d6 6. Bc4 Nb6 7. Bb3 dxe5 8.
Qh5 e6 9. dxe5 Nc6 10. Nf3 g6 11. Qg4 Bg7 12. Qe4 Nd7 13. Bf4 Nc5 14. Qe3 Nd3+
15. Ke2 Nxf4+ 16. Qxf4 Qa5 17. Qa4 Qxa4 18. Bxa4 Bd7 19. Bxc6 Bxc6 20. Nbd2
Bb5+ 21. Kd1 Rd8 22. Kc2 O-O 23. Rhe1 Rd5 24. a4 Bd3+ 25. Kb3 Bh6 26. Ne4 Bxe4
27. Rxe4 Rd3+ 28. Kc4 Rfd8 29. Rd4 R8xd4+ 30. Nxd4 Rd2 31. Rf1 Rxb2 32. Kc3 Rb6
33. a5 Ra6 34. Kb4 Bd2+ 35. Kc4 Rxa5 36. Nb3 Ra4+ 37. Kd3 Ra3 38. Kc2 Bf4 39.
Nc5 Bxe5 40. Nxb7 Ra2+ 41. Kd3 a5 42. f4 Bf6 43. g4 a4 44. f5 exf5 45. gxf5 Ra1
46. Rf2 Bh4 47. Rg2 a3 48. Nc5 Rb1 49. Ra2 Rh1 50. fxg6 hxg6 0-1

[Event "Dundee & Angus Open"]
[Site "?"]
[Date "2015.10.09"]
[Round "1"]
[White "Hall, David"]
[Black "Florios, Antonios"]
[Result "0-1"]
[WhiteElo "1766"]
[BlackElo "1930"]
[PlyCount "76"]

1. d4 Nf6 2. Nf3 e6 3. c4 b6 4. g3 Bb7 5. Bg2 Bb4+ 6. Bd2 Be7 7. Nc3 O-O 8. O-O
d5 9. cxd5 Nxd5 10. Re1 c5 11. Nxd5 Bxd5 12. dxc5 Bxc5 13. b4 Be7 14. Bc3 Na6
15. a3 Rc8 16. Rc1 Nc7 17. e4 Bb7 18. Qb3 Nb5 19. Red1 Qe8 20. Nd4 Nxc3 21.
Rxc3 Rxc3 22. Qxc3 Bf6 23. Qb3 Qa8 24. Nb5 Bxe4 25. Bxe4 Qxe4 26. Nxa7 h5 27.
Qd3 Qa8 28. Nb5 h4 29. f3 Qa4 30. Qe2 Rc8 31. Rd2 Qb3 32. Kf2 Rc1 33. Qd3 Qxd3
34. Rxd3 Rh1 35. Nd6 Rxh2+ 36. Ke3 Ra2 37. Nc4 h3 38. Rd1 Ra1 0-1

[Event "Dundee & Angus Open"]
[Site "?"]
[Date "2015.10.09"]
[Round "1"]
[White "Chambers, Daniel"]
[Black "Mooney, Graham"]
[Result "0-1"]
[WhiteElo "1637"]
[BlackElo "1846"]
[PlyCount "76"]

1. e4 c5 2. Nf3 g6 3. d4 cxd4 4. Nxd4 Bg7 5. c4 Nc6 6. Nc2 Nf6 7. Nc3 d6 8. Be2
O-O 9. O-O Be6 10. Ne3 Rc8 11. Rb1 Ne5 12. b3 a6 13. f4 Nc6 14. Ned5 Bxd5 15.
exd5 Nb8 16. Bb2 Nbd7 17. Kh1 Nc5 18. Bf3 Rb8 19. b4 Ncd7 20. Qe2 Re8 21. Nd1
Rc8 22. Ne3 a5 23. Bd4 axb4 24. Rxb4 Qc7 25. Rfb1 Nc5 26. Bxc5 dxc5 27. Rxb7
Qxf4 28. Ng4 Nxg4 29. Bxg4 Rb8 30. g3 Rxb7 31. Rxb7 Qf6 32. Kg2 h5 33. Bd7 Ra8
34. a4 Qd6 35. Bc6 Rb8 36. Rxe7 Rb2 37. a5 Qxe7 38. Qxb2 Bxb2 0-1

[Event "Dundee & Angus Open"]
[Site "?"]
[Date "2015.10.09"]
[Round "1"]
[White "Thompson, Neil"]
[Black "James, Chris"]
[Result "0-1"]
[WhiteElo "1976"]
[BlackElo "1777"]
[PlyCount "66"]

1. e4 e5 2. Nf3 f5 3. Nxe5 Nc6 4. d4 Qf6 5. Nxc6 dxc6 6. e5 Qg6 7. Be2 h5 8.
Bf3 Be6 9. c3 O-O-O 10. Qa4 Kb8 11. Be3 Bd5 12. Nd2 Bxf3 13. gxf3 Ne7 14. O-O-O
Nd5 15. Rhg1 Qe6 16. Bg5 Be7 17. Qb3 Bxg5 18. Rxg5 Qh6 19. h4 Rhf8 20. Qc2 g6
21. Nc4 Nf4 22. Ne3 Ne6 23. Rg3 Nf4 24. Rdg1 c5 25. Rd1 Nd5 26. Rg5 Nf4 27. Kb1
Ne6 28. Rg3 cxd4 29. Nc4 dxc3 30. Rdg1 Nd4 31. Qc1 c2+ 32. Ka1 Qxc1+ 33. Rxc1
Ne2 0-1

[Event "Dundee & Angus Open"]
[Site "?"]
[Date "2015.10.09"]
[Round "1"]
[White "Findlay, David"]
[Black "Durno, Joy"]
[Result "1-0"]
[WhiteElo "2185"]
[BlackElo "1819"]
[PlyCount "35"]

1. e4 c5 2. Nf3 e6 3. d4 cxd4 4. Nxd4 Nf6 5. Nc3 d6 6. f4 a6 7. Bd3 b5 8. e5
dxe5 9. fxe5 Nd5 10. Qg4 Nxc3 11. bxc3 Qc7 12. O-O Bb7 13. Bg5 Nc6 14. Nxe6
fxe6 15. Qxe6+ Ne7 16. Bxb5+ axb5 17. Qf7+ Kd8 18. Rad1+ 1-0

[Event "Dundee & Angus Open"]
[Site "?"]
[Date "2015.10.09"]
[Round "1"]
[White "Parks, Joe"]
[Black "McGowan, Daniel"]
[Result "0-1"]
[WhiteElo "1809"]
[BlackElo "2113"]
[PlyCount "36"]

1. d4 e6 2. c4 Nf6 3. g3 d5 4. Bg2 Be7 5. Nf3 O-O 6. O-O dxc4 7. Ne5 Nc6 8.
Nxc6 bxc6 9. Nc3 Rb8 10. e3 c5 11. dxc5 Qxd1 12. Rxd1 Bxc5 13. Bf1 Ba6 14. b3
Rfd8 15. Bd2 Bb4 16. Be1 Nd7 17. bxc4 Ne5 18. f4 Nf3+ 0-1

[Event "Dundee & Angus Open"]
[Site "?"]
[Date "2015.10.10"]
[Round "2"]
[White "Ridge, Mike"]
[Black "Kefalas, Loukas"]
[Result "1-0"]
[WhiteElo "1916"]
[BlackElo "1844"]
[PlyCount "75"]

1. e4 e5 2. Nc3 Nf6 3. Bc4 Be7 4. f4 Nxe4 5. fxe5 Nxc3 6. bxc3 Bh4+ 7. g3 O-O
8. Nf3 Be7 9. d4 d5 10. Bd3 c5 11. Be3 Nc6 12. dxc5 f6 13. e6 Qa5 14. Rb1 d4
15. Rb5 Qxc3+ 16. Bd2 Qa3 17. O-O Bxe6 18. Rxb7 Qxc5 19. Rb5 Qd6 20. Qe2 Bd8
21. Bf4 Qd7 22. Rfb1 Bb6 23. a4 Rae8 24. Qd2 Bg4 25. Nh4 Kh8 26. a5 Bc7 27.
Bxc7 Qxc7 28. Rb7 Qe5 29. Ng2 Be2 30. Re1 Bxd3 31. Rxe5 Nxe5 32. Qf4 Bxc2 33.
Rxa7 d3 34. Nh4 Rd8 35. Qd2 g5 36. Kg2 gxh4 37. Qh6 Nf7 38. Qxf6+ 1-0

[Event "Dundee & Angus Open"]
[Site "?"]
[Date "2015.10.10"]
[Round "2"]
[White "Thomson, Neil"]
[Black "Robinson, Stephen"]
[Result "0-1"]
[WhiteElo "1976"]
[BlackElo "1975"]
[PlyCount "78"]

1. e4 c5 2. Nf3 e6 3. d4 cxd4 4. Nxd4 a6 5. Nc3 Qc7 6. Bd3 Nf6 7. O-O Be7 8.
Qe2 d6 9. f4 Nbd7 10. Kh1 b5 11. a4 b4 12. Na2 Qb6 13. b3 O-O 14. a5 Qc7 15.
Nxb4 Nc5 16. e5 Nxd3 17. cxd3 dxe5 18. fxe5 Ne8 19. Bd2 Bb7 20. Rfc1 Qd7 21.
Nbc6 f5 22. Ra4 Rf7 23. Rac4 g5 24. b4 g4 25. Bh6 Bh4 26. Nxf5 Bxc6 27. Rxc6
Rxf5 28. Qxg4+ Kh8 29. g3 Be7 $11 30. Qe4 Rb8 31. Rxa6 Rxb4 32. Qa8 Rb7 33. Rb6
Qd5+ 34. Kg1 Bc5+ 35. Rxc5 Qxc5+ 36. Kg2 Qc2+ 37. Kh3 Rh5+ 38. Kg4 Qe2+ 39. Kf4
Rf5# 0-1

[Event "Dundee & Angus Open"]
[Site "?"]
[Date "2015.10.10"]
[Round "2"]
[White "Sykes, Chris"]
[Black "Abdulla, Murad"]
[Result "1/2-1/2"]
[WhiteElo "1876"]
[BlackElo "2027"]
[PlyCount "76"]

1. d4 Nf6 2. Nc3 d5 3. Bg5 e6 4. e4 dxe4 5. Nxe4 Be7 6. Bxf6 Bxf6 7. Nf3 Nd7 8.
Qd2 O-O 9. O-O-O b6 10. Qf4 Be7 11. Bd3 f5 12. Neg5 Nf6 13. h4 h6 14. Nh3 Nd5
15. Qd2 c5 16. dxc5 bxc5 17. Bc4 Qb6 18. Bxd5 exd5 19. Nf4 d4 20. Nd5 Qd6 21.
Nxe7+ Qxe7 22. Rhe1 Qf7 23. b3 Bb7 24. Ne5 Qc7 25. f4 a5 26. a4 Be4 27. Qe2
Rad8 28. Ng6 Rf6 29. h5 Qb6 30. Qc4+ Kh7 31. g4 Qb4 32. Qxb4 cxb4 33. gxf5 Bxf5
34. Ne5 Rd5 35. Nc4 Be6 36. Re5 Rxe5 37. fxe5 Rf5 38. Nxa5 Rxe5 1/2-1/2

[Event "Dundee & Angus Open"]
[Site "?"]
[Date "2015.10.10"]
[Round "2"]
[White "Borwell, Alan"]
[Black "Campbell, Duncan"]
[Result "1-0"]
[WhiteElo "1989"]
[BlackElo "1847"]
[PlyCount "81"]

1. e4 e6 2. b3 d5 3. Bb2 dxe4 4. Nc3 Nf6 5. g4 e3 6. fxe3 Bd7 7. Bg2 Bc6 8. Qe2
Bxg2 9. Qxg2 Nc6 10. O-O-O Qd7 11. Nf3 O-O-O 12. Rhf1 Nd5 13. Ne2 f6 14. e4
Ndb4 15. a3 Nxc2 16. Kxc2 Qd3+ 17. Kc1 Qxb3 18. d4 Bxa3 19. Bxa3 Qxa3+ 20. Kd2
Nb4 21. Ne1 Nc6 22. Nc2 Qa5+ 23. Ke3 Qg5+ 24. Kf2 h5 25. gxh5 Qh4+ 26. Kg1 Rxh5
27. Rf4 Qg5 28. Rg4 Qh6 29. Nf4 Rg5 30. Nxe6 Rxg4 31. Qxg4 Rg8 32. Qg3 Kb8 33.
Qxc7+ Ka8 34. Qf7 Rc8 35. Rb1 b6 36. Nc7+ Kb7 37. Nd5+ Ka8 38. Qd7 Qg6+ 39. Kf1
Qe8 40. Qxe8 Rxe8 41. Nc7+ 1-0

[Event "Dundee & Angus Open"]
[Site "?"]
[Date "2015.01.10"]
[Round "2"]
[White "Floros, Antonios"]
[Black "Milton, Carl"]
[Result "1/2-1/2"]
[WhiteElo "1930"]
[BlackElo "1675"]
[PlyCount "81"]

1. d4 d5 2. Nd2 Nf6 3. e3 Bf5 4. c4 c6 5. Ngf3 e6 6. Qb3 Qb6 7. c5 Qc7 8. Ne5
Nbd7 9. Ndf3 Be7 10. Bd3 Bxd3 11. Qxd3 O-O 12. O-O a5 13. Bd2 Nxe5 14. Nxe5 Ne4
15. f4 Nxd2 16. Qxd2 b6 17. cxb6 Qb7 18. Rfc1 Rfc8 19. Rc2 f6 20. Nd3 Qxb6 21.
Rac1 Rab8 22. Qe2 Qb5 23. Rc3 Bb4 24. Rb3 Qa4 25. Qd1 Bd6 26. Rxb8 Qxd1+ 27.
Rxd1 Rxb8 28. Rc1 Rb6 29. b3 Kf7 30. Kf2 Ke7 31. Kf3 Kd7 32. g4 Rb8 33. h4 Re8
34. Nc5+ Bxc5 35. Rxc5 Ra8 36. f5 e5 37. g5 exd4 38. exd4 a4 39. b4 Rb8 40. a3
Rb5 41. Rxb5 1/2-1/2

[Event "Dundee & Angus Open"]
[Site "?"]
[Date "2015.10.10"]
[Round "2"]
[White "Durno, Joy"]
[Black "Hall, David"]
[Result "1-0"]
[WhiteElo "1819"]
[BlackElo "1766"]
[PlyCount "79"]

1. d4 g6 2. c4 Bg7 3. g3 d6 4. Bg2 c6 5. Nf3 Nf6 6. Nc3 O-O 7. O-O Nbd7 8. e4
Qc7 9. Re1 e5 10. d5 c5 11. h3 h6 12. Be3 Kh7 13. Qd2 Ng8 14. Nh4 Nb6 15. b3
Qe7 16. Nf3 f5 17. Rac1 Qf6 18. exf5 gxf5 19. Qc2 Ne7 20. Nh4 Bd7 21. f4 e4 22.
Bf1 Rg8 23. Kh2 Bh8 24. Bf2 Rae8 25. Nd1 Nbc8 26. Ne3 Ref8 27. Be2 Ng6 28. Nxg6
Qxg6 29. Rg1 h5 30. Qd2 Bf6 31. a3 Qh6 32. Nc2 Rf7 33. b4 b6 34. bxc5 bxc5 35.
Rb1 h4 36. g4 fxg4 37. hxg4 Be5 38. Be3 Bxf4+ 39. Kh3 Qf6 40. Rbf1 1-0

[Event "Dundee & Angus Open"]
[Site "?"]
[Date "2015.10.10"]
[Round "2"]
[White "Marks, Ian"]
[Black "Newton, Andrew"]
[Result "0-1"]
[WhiteElo "1802"]
[BlackElo "1862"]
[PlyCount "114"]

1. e4 c5 2. Nf3 d6 3. d4 cxd4 4. Nxd4 Nf6 5. Nc3 a6 6. Bg5 e6 7. f4 h6 8. Bh4
Be7 9. Qf3 Qc7 10. O-O-O Nbd7 11. Bd3 g5 12. fxg5 Ne5 13. Qe2 Nfg4 14. Rhf1
hxg5 15. Bg3 b5 16. h3 Nxd3+ 17. Rxd3 Ne5 18. Bxe5 dxe5 19. Qf3 Rh7 20. Nb3 b4
21. Ne2 a5 22. Rdd1 Ba6 23. Rfe1 Rc8 24. Rd2 a4 25. Na1 Bc4 26. Kb1 Bc5 27.
Red1 Qb6 28. Qf6 Bxe2 29. Rxe2 Qb5 30. Red2 Be7 31. Qf3 Rh4 32. Re2 Rf4 33. Qh5
Qc4 34. Rde1 Rd8 35. Re3 Bf6 36. Qe2 Qxe2 37. R3xe2 g4 38. hxg4 Rxg4 39. c3
bxc3 40. bxc3 Rb8+ 41. Kc2 Rg3 42. Rf1 Bg5 43. Rf3 Rg4 44. c4 Rc8 45. Kc3 Rd8
46. Nc2 Be7 47. Ne3 Rxe4 48. Ref2 Bc5 49. Re2 f5 50. Rh3 Bd4+ 51. Kc2 f4 52.
Rh8+ Kd7 53. Rxd8+ Kxd8 54. Kd3 Rxe3+ 55. Rxe3 Bxe3 56. g3 fxg3 57. Kxe3 Kc7
0-1

[Event "Dundee & Angus Open"]
[Site "?"]
[Date "2015.10.10"]
[Round "2"]
[White "Coffey, Patrick"]
[Black "Pannwitz, Kai"]
[Result "1-0"]
[WhiteElo "2198"]
[BlackElo "1879"]
[PlyCount "74"]

1. e4 c5 2. Nf3 d6 3. h3 Nf6 4. c3 Nc6 5. Bd3 g6 6. Bc2 Bg7 7. O-O O-O 8. d4
cxd4 9. cxd4 d5 10. e5 Ne4 11. Nc3 Bf5 12. Ng5 Nxc3 13. bxc3 Bxc2 14. Qxc2 e6
15. f4 Qa5 16. Bd2 Rac8 17. Qd3 Ne7 18. g4 Qa6 19. Qe3 Rc6 20. Rf2 Rb6 21. Nf3
Rc8 22. Ne1 Rb2 23. a4 b6 24. Nd3 Rb3 25. Rc1 Qxa4 26. f5 exf5 27. Kg2 Qd7 28.
Rcf1 Rc6 29. Qf3 h6 30. Nb4 Re6 31. Qd1 Ra3 32. Qc1 Ra4 33. Bxh6 Bh8 34. Bg5 f6
35. exf6 Bxf6 36. Bxf6 Rxf6 37. Nd3 Kf7 1-0

[Event "Dundee & Angus Open"]
[Site "?"]
[Date "2015.10.10"]
[Round "2"]
[White "Parks, Joe"]
[Black "Doyle, Jim"]
[Result "1-0"]
[WhiteElo "1809"]
[BlackElo "1891"]
[PlyCount "100"]

1. d4 Nf6 2. Nf3 e6 3. Bg5 Be7 4. c4 Ne4 5. Bxe7 Qxe7 6. Qc2 d5 7. Nc3 Nxc3 8.
Qxc3 O-O 9. c5 c6 10. e3 Nd7 11. Bd3 f5 12. O-O Nf6 13. Ne5 Bd7 14. b4 Ng4 15.
Qc2 Nxe5 16. dxe5 Rfb8 17. Rab1 b5 18. a4 a6 19. Ra1 Be8 20. axb5 axb5 21. Ra2
Qc7 22. f4 Qb7 23. Rfa1 Bd7 24. Ra5 Kf7 25. Qe2 g6 26. Qf2 Rxa5 27. Rxa5 Ra8
28. Qa2 Rxa5 29. Qxa5 Ke7 30. Kf2 Bc8 31. Kg3 Kd7 32. Kh4 Ke8 33. g4 Qe7+ 34.
Kg3 Qb7 35. Qa1 Qa6 36. Qxa6 Bxa6 37. gxf5 gxf5 38. Kh4 Kf7 39. Be2 Kg7 40. Kh5
Bc8 41. Kg5 h6+ 42. Kh4 Bb7 43. Bh5 Ba8 44. Be8 Bb7 45. Kh5 Kf8 46. Bg6 Kg7 47.
h4 Ba8 48. Be8 Bb7 49. Bd7 Kf7 50. Kxh6 Ke7 1-0

[Event "Dundee & Angus Open"]
[Site "?"]
[Date "2015.10.10"]
[Round "2"]
[White "Gray, Euan"]
[Black "Roy, Ali"]
[Result "1/2-1/2"]
[WhiteElo "1656"]
[BlackElo "1913"]
[PlyCount "102"]

1. d4 Nf6 2. c4 g6 3. Nc3 Bg7 4. e4 d6 5. Nf3 O-O 6. Be2 e5 7. Be3 Nc6 8. d5
Ne7 9. Nd2 Nd7 10. b4 f5 11. f3 Nf6 12. Nb3 c6 13. Rc1 Nh5 14. Qd2 Qc7 15. c5
Nf4 16. Bc4 cxd5 17. Nxd5 Nfxd5 18. exd5 f4 19. Bf2 Nf5 20. Bd3 Rd8 21. O-O Kh8
22. Be4 Qf7 23. b5 dxc5 24. Rxc5 Bf8 25. Rc2 Bd7 26. Qe2 a6 27. bxa6 bxa6 28.
Rfc1 Ba3 29. Rb1 Bb5 30. Qd2 Nd6 31. Bc5 Nxe4 32. fxe4 Bxc5+ 33. Rxc5 f3 34.
Qb2 Qf4 35. gxf3 Qg5+ 36. Qg2 Qe3+ 37. Qf2 Qg5+ 38. Qg3 Qe3+ 39. Qf2 Qg5+ 40.
Qg3 Qf6 41. Rbc1 Rf8 42. R1c3 Be2 43. Nd2 Rab8 44. Rc6 Qf4 45. Qxf4 Rxf4 46.
Rc8+ Rf8 47. Rxf8+ Rxf8 48. Kf2 Bb5 49. Nc4 Rc8 50. Ke3 Rxc4 51. Rxc4 Bxc4 $11
1/2-1/2

[Event "Dundee & Angus Open"]
[Site "?"]
[Date "2015.10.10"]
[Round "2"]
[White "Jennings, Richard"]
[Black "Neave, George"]
[Result "0-1"]
[WhiteElo "1878"]
[BlackElo "2130"]
[PlyCount "74"]

1. c4 Nf6 2. g3 g6 3. Bg2 Bg7 4. Nc3 O-O 5. e4 d6 6. Nge2 c5 7. Rb1 Nc6 8. O-O
Ne8 9. a3 a5 10. d3 Nc7 11. Nb5 Bg4 12. f3 Bd7 13. Nxc7 Qxc7 14. Bg5 h6 15. Be3
Nd4 16. Nxd4 cxd4 17. Bd2 b5 18. b3 a4 19. Rc1 axb3 20. Qxb3 bxc4 21. dxc4 Rfc8
22. f4 Be6 23. e5 Rab8 24. exd6 Rxb3 25. dxc7 Rxa3 26. Bb4 Ra4 27. Bxe7 Rxc7
28. Bd6 Rcxc4 29. Bc6 Ra2 30. Rxc4 Bxc4 31. Rc1 Be6 32. Be4 d3 33. Rd1 Bd4+ 34.
Kh1 d2 35. Bf3 Bb3 36. Rb1 d1=Q+ 37. Rxd1 Bxd1 0-1

[Event "Dundee & Angus Open"]
[Site "?"]
[Date "2015.10.10"]
[Round "2"]
[White "Dawson, Alastair"]
[Black "Mitchell, Jeremy"]
[Result "1/2-1/2"]
[WhiteElo "1861"]
[BlackElo "1794"]
[PlyCount "91"]

1. Nf3 d5 2. g3 Nf6 3. Bg2 g6 4. O-O Bg7 5. c4 c6 6. b3 O-O 7. Bb2 Bf5 8. d3
Nbd7 9. Nbd2 Re8 10. Ne5 Nxe5 11. Bxe5 Qd7 12. Nf3 Bh3 13. Qd2 Bxg2 14. Kxg2
Ng4 15. Bxg7 Kxg7 16. h3 Nh6 17. Qc3+ f6 18. e4 dxe4 19. dxe4 e5 20. Rad1 Qc7
21. Rd3 Rad8 22. Rfd1 Rxd3 23. Qxd3 Nf7 24. Qd7 Re7 25. Qxc7 Rxc7 26. Ne1 Kf8
27. f4 Ke7 28. Kf3 Rd7 29. Rxd7+ Kxd7 30. c5 exf4 31. gxf4 g5 32. Nd3 gxf4 33.
Kxf4 Ke6 34. h4 h5 35. Ke3 Ne5 36. Nf4+ Ke7 37. Nxh5 Ng6 38. Ng7 Nxh4 39. Nf5+
Nxf5+ 40. exf5 Kf7 41. b4 Ke7 42. a4 a6 43. Kd4 Kd7 44. Kc4 Kc7 45. b5 a5 46.
b6+ $11 1/2-1/2

[Event "Dundee & Angus Open"]
[Site "?"]
[Date "2015.10.10"]
[Round "2"]
[White "Mooney, Graham"]
[Black "Findlay, David"]
[Result "1/2-1/2"]
[WhiteElo "1846"]
[BlackElo "2185"]
[PlyCount "46"]

1. e4 e5 2. Nf3 d6 3. d4 exd4 4. Nxd4 g6 5. Nc3 Bg7 6. Be3 Nf6 7. Qd2 O-O 8.
O-O-O Re8 9. f3 Nc6 10. h4 a6 11. Bg5 Nxd4 12. Qxd4 h6 13. Bxf6 Bxf6 14. Qf2
Be6 15. Kb1 Bxc3 16. bxc3 c6 17. Qd2 b5 18. Qxh6 Qa5 19. h5 Qa3 20. Bd3 Bxa2+
21. Ka1 b4 22. hxg6 Be6+ 23. Kb1 Ba2+ 1/2-1/2

[Event "Dundee & Angus Open"]
[Site "?"]
[Date "2015.10.10"]
[Round "2"]
[White "McGowan, Daniel"]
[Black "James, Chris"]
[Result "1/2-1/2"]
[WhiteElo "2113"]
[BlackElo "1777"]
[PlyCount "83"]

1. e4 e6 2. d4 d5 3. Nd2 Nc6 4. Ngf3 Nf6 5. e5 Nd7 6. Nb3 a5 7. a4 Be7 8. h4 b6
9. c3 Bb7 10. Bd3 Na7 11. Bg5 h6 12. Be3 c5 13. Nbd2 Nc6 14. h5 Ba6 15. Bxa6
Rxa6 16. Qe2 Ra8 17. O-O O-O 18. Nh2 Rc8 19. f4 cxd4 20. cxd4 Nb4 21. Rac1 Rc2
22. Rxc2 Nxc2 23. Bf2 Qc7 24. Rc1 Nxd4 25. Rxc7 Nxe2+ 26. Kf1 Nxf4 27. Rxd7 Bb4
28. Be3 Nxh5 29. g4 Ng3+ 30. Kf2 Bxd2 31. Bxd2 Ne4+ 32. Ke3 Rc8 33. Nf3 Nxd2
34. Nxd2 Rc2 35. Rd8+ Kh7 36. Rd7 Kg6 37. Nf3 Rxb2 38. Nh4+ Kg5 39. Rxf7 Rb3+
40. Ke2 Rb2+ 41. Ke3 Rb3+ 42. Ke2 1/2-1/2

[Event "Dundee & Angus Open"]
[Site "?"]
[Date "2015.10.10"]
[Round "2"]
[White "Romilly, Peter"]
[Black "Kosznik, Dariusz"]
[Result "1-0"]
[WhiteElo "2057"]
[BlackElo "1690"]
[PlyCount "30"]

1. e4 b6 2. d4 Bb7 3. Bd3 Nf6 4. Nd2 e6 5. Ngf3 c5 6. c3 Nc6 7. a3 Rc8 8. O-O
Be7 9. e5 Nd5 10. Ne4 Qc7 11. c4 cxd4 12. cxd5 exd5 13. Ng3 Nxe5 14. Nxe5 Qxe5
15. Re1 Qd6 1-0

[Event "Dundee & Angus Open"]
[Site "?"]
[Date "2015.10.10"]
[Round "3"]
[White "Newton, Andrew"]
[Black "Gray, Euan"]
[Result "0-1"]
[WhiteElo "1862"]
[BlackElo "1656"]
[PlyCount "42"]

1. e4 e5 2. f4 d5 3. exd5 exf4 4. Nf3 Nf6 5. Bb5+ c6 6. dxc6 Nxc6 7. d4 Bd6 8.
c4 Qe7+ 9. Qe2 Qxe2+ 10. Kxe2 O-O 11. d5 Ne7 12. Nc3 Bg4 13. a3 Rac8 14. Kd3 a6
15. Ba4 Bf5+ 16. Kd4 Bc5+ 17. Ke5 Ng4+ 18. Kxf4 Bd6+ 19. Kg5 h6+ 20. Kh5 Nf6+
21. Kh4 Ng6# 0-1

[Event "Dundee & Angus Open"]
[Site "?"]
[Date "2015.10.10"]
[Round "3"]
[White "Pannwitz, Kai"]
[Black "Mitchell, Jeremy"]
[Result "1-0"]
[WhiteElo "1883"]
[BlackElo "1794"]
[PlyCount "35"]

1. d4 d5 2. c4 c6 3. Nf3 Nf6 4. Qc2 g6 5. Bf4 Bf5 6. Qb3 Qb6 7. e3 Qxb3 8. axb3
Na6 9. Be2 Nb4 10. O-O Bd3 11. Re1 Bg7 12. Nc3 O-O 13. Ne5 Bxe2 14. Rxe2 Rfd8
15. h3 Nd7 16. Nxd7 Rxd7 $11 17. Na4 b6 18. Nxb6 1-0

[Event "Dundee & Angus Open"]
[Site "?"]
[Date "2015.10.10"]
[Round "3"]
[White "Campbell, Duncan"]
[Black "Jennings, Richard"]
[Result "1-0"]
[WhiteElo "1847"]
[BlackElo "1878"]
[PlyCount "65"]

1. e4 e6 2. d4 d5 3. Nd2 Nf6 4. e5 Nfd7 5. Bd3 c5 6. c3 Nc6 7. Ne2 Qb6 8. Nf3
f6 9. exf6 Nxf6 10. O-O Bd6 11. a3 c4 12. Bc2 Na5 13. Re1 O-O 14. Rb1 Qc7 15.
Bg5 Bd7 16. Bh4 Nh5 17. Bg3 Nxg3 18. Nxg3 Nc6 19. Ng5 g6 20. Nxh7 Rf5 21. Bxf5
exf5 22. Nf6+ Kf7 23. Nxd7 Qxd7 24. Qf3 Ne7 25. Re2 Rh8 26. Rbe1 g5 27. h3 f4
28. Nf1 Rh6 29. Nh2 Qf5 30. Qg4 Qxg4 31. Nxg4 Rg6 32. Rxe7+ Bxe7 33. Ne5+ 1-0